| 000 | 00583nam a2200205 a 4500 | ||
|---|---|---|---|
| 001 | 2116 | ||
| 003 | CDMR | ||
| 005 | 20131125115117.0 | ||
| 008 | 130130s1925||||||||||||||||||||||||||||d | ||
| 040 |
_aCDMR _bcat _cCDMR |
||
| 100 | 1 |
_aBorsa, Mario _91572 |
|
| 245 | 1 | 3 |
_aLa libertà di stampa _cMario Borsa |
| 260 |
_aMilano _c1925 _bCorbaccio |
||
| 300 | _a217 p. | ||
| 490 | 0 |
_aRes Publica. _aBiblioteca di Studi Politici, Economici e Sociali _v7 |
|
| 650 | 0 | 4 |
_91582 _aLlibertat d'impremta |
| 650 | 0 | 4 |
_92512 _aPeriodisme _xHistòria |
| 650 | 0 | 4 |
_94093 _aPremsa _zEuropa |
| 942 |
_cMON _2udc |
||
| 999 |
_c2116 _d2116 |
||